[Event "AUT-ch U12 Girls Online Rapid"]
[Site "Playchess.com INT"]
[Date "2020.12.13"]
[Round "2"]
[White "Jarolim, Mara"]
[Black "Antenreiter, Lena"]
[Result "1-0"]
[WhiteElo "1343"]
[BlackElo "1515"]
[PlyCount "103"]
[EventDate "2020.12.13"]
[EventType "swiss (rapid)"]
[EventRounds "7"]
[EventCountry "AUT"]
[SourceTitle "EXT 2022"]
[Source "ChessBase"]
[SourceDate "2021.10.06"]
[SourceVersion "1"]
[SourceVersionDate "2021.10.06"]
[SourceQuality "1"]

1. e4 e5 2. Nf3 Nc6 3. d4 exd4 4. Nxd4 Bc5 5. Be3 d6 6. Nxc6 bxc6 7. Bxc5 dxc5 8. Qxd8+ Kxd8 9. Bc4 Ke7 10. 0-0 Nf6 11. Nc3 Rd8 12. e5 Nd5 13. Rad1 Be6 14. Ne4 Rab8 15. b3 Nb6 16. Rxd8 Rxd8 17. Bxe6 Kxe6 18. Nxc5+ Kxe5 19. Re1+ Kd6 20. Nb7+ Kd7 21. Rd1+ Nd5 22. Nxd8 Kxd8 23. c4 Kd7 24. cxd5 cxd5 25. Rxd5+ Kc6 26. Rf5 f6 27. Ra5 Kb6 28. b4 a6 29. Ra3 Kb5 30. Rc3 c5 31. bxc5 Kc6 32. a4 a5 33. Rc4 Kd5 34. Rc1 Kc6 35. Kf1 f5 36. Ke2 g6 37. Kd3 h6 38. Kc4 g5 39. Rc3 f4 40. Rh3 g4 41. Rxh6+ Kc7 42. c6 Kb6 43. Kd5 Kc7 44. Rh7+ Kc8 45. c7 Kb7 46. Kd6 Kc8 47. Rh8+ Kb7 48. c8Q+ Kb6 49. Qc5+ Ka6 50. Ra8+ Kb7 51. Ra7+ Kb8 52. Qc7# 1-0

[Event "AUT-ch U12 Girls Online Blitz"]
[Site "Playchess.com INT"]
[Date "2020.12.11"]
[Round "3"]
[White "Jarolim, Mara"]
[Black "Antenreiter, Lena"]
[Result "0-1"]
[WhiteElo "1424"]
[BlackElo "1522"]
[PlyCount "48"]
[EventDate "2020.12.11"]
[EventType "swiss (blitz)"]
[EventRounds "7"]
[EventCountry "AUT"]
[SourceTitle "EXT 2022"]
[Source "ChessBase"]
[SourceDate "2021.10.06"]
[SourceVersion "1"]
[SourceVersionDate "2021.10.06"]
[SourceQuality "1"]

1. e4 e5 2. Nf3 Nc6 3. d4 exd4 4. Nxd4 Bc5 5. Nxc6 bxc6 6. Bd3 d6 7. 0-0 Nf6 8. Bc4 0-0 9. Bd3 Re8 10. Re1 d5 11. e5 Ng4 12. Qf3 Bxf2+ 13. Kf1 Nxh2+ 14. Kxf2 Nxf3 15. Kxf3 f6 16. Be3 Rxe5 17. Bf4 Rxe1 18. Nd2 Rxa1 19. Bxh7+ Kxh7 20. Bxc7 Qxc7 21. Ne4 dxe4+ 22. Kf2 Qf4+ 23. Ke2 Ba6+ 24. c4 Bxc4# 0-1

[Event "AUT-ch U12 Girls Online Blitz"]
[Site "Playchess.com INT"]
[Date "2020.12.11"]
[Round "4"]
[White "Ramirez Gaviria, Maya"]
[Black "Jarolim, Mara"]
[Result "1-0"]
[WhiteElo "1620"]
[BlackElo "1443"]
[PlyCount "49"]
[EventDate "2020.12.11"]
[EventType "swiss (blitz)"]
[EventRounds "7"]
[EventCountry "AUT"]
[SourceTitle "EXT 2022"]
[Source "ChessBase"]
[SourceDate "2021.10.06"]
[SourceVersion "1"]
[SourceVersionDate "2021.10.06"]
[SourceQuality "1"]

1. e4 g6 2. d4 Bg7 3. Nf3 d6 4. Nc3 Bg4 5. Be2 Nf6 6. h3 Bxf3 7. Bxf3 Nc6 8. 0-0 0-0 9. Be3 a6 10. b3 b5 11. a4 bxa4 12. Rxa4 Na7 13. Qd3 Nc6 14. Rxa6 Rxa6 15. Qxa6 Nb4 16. Qe2 c5 17. Ra1 cxd4 18. Bxd4 d5 19. e5 Nd7 20. e6 fxe6 21. Qxe6+ Rf7 22. Bxd5 Bxd4 23. Qxf7+ Kh8 24. Ra7 Qg8 25. Qxg8# 1-0